Statistics for KPOP: Guess the song by lyrics (Part 1)

Click here to take the quiz!

General Stats

  • This quiz has been taken 424 times
  • The average score is 4 of 20

Answer Stats

LyricsSong% Correct
You can't stop me loving myself.IDOL
69%
Bam ratatata ratatatata. Oh my god.I Am The Best
44%
Jukgetta. No no no no. Jukgetta.Killing Me.
38%
Noel joh ahaeReally Really
35%
Neomu areumdaun daun daun daunView
32%
Neoye bullet bullet bullet.Shoot Me
31%
Can I be your boyfriend? Can I?Blooming Day
28%
Eojjeona jeojjeona?Oh My!
25%
Baby, I'm only yours. Oh~ O~ Ouh.Shine
18%
Just give it give it give it. Gibun naekineun daero.Boss
14%
You look at me now.Look
14%
Badara uriwa gachi nora.Dance the Night Away
8%
Go rocka, rocka, rocka, rocka, rocka, rock.Ring Ding Dong
7%
We got bang bang pow wow.Power
5%
Niga hwihwihwi bureowa.Starry Night
5%
Bureowo, yes, I 'm.My Pace
4%
What you willing to do? I'mma do it for ya.Down
3%
Dalppit chaolla.Good Evening
3%
Al jinae jal jinae jal jinae. Day~ day.I'm So Sick
3%
Baby just stop. Baby just stop. Oh yeah.Lady
2%

Score Distribution

Percentile by Number Answered

Percent of People with Each Score

Your Score History

You have not taken this quiz